000 00582nam a2200193Ia 4500
005 20250326141320.0
008 250326s9999 xx 000 0 und d
020 _a1-55542-602-6
037 _aTextbook
040 _aFMSL
_beng
_cFMSL
041 _aeng
_2eng
084 _aX:74.1 N4
_qFMSL
100 _aDevereaux Mary O' Hara
_9744153
245 0 _aGlobal work : bridging distance, culture and time.
_cDevereaux Mary O' Hara; Johanson Robert
260 _aNY
_bNY, Jorsey-Bass
_c1994
300 _axxix,439
942 _cTB
_hX:74.1 N4
999 _c1289735
_d1289735